01006 2200337 4500001002100000005001500021035002000036007000300056008004100059020002200100040002200122082001500144084001700159090002100176090002100197245011900218300002800337650002100365850001200386041000800398264003600406336002100442337003000463338002300493100002000516250003000536700002700566504003300593999002100626990002100647INLIS00000000084491620190716081043 a0010-0319000439ta190325 2018 yoia g ind d a978-602-475-202-6 aYOPDYOGbinddrda04223a297.77 a297.77 SUH p aDEP 297.77 SUH p aCB-D.11 2018-860 aPendidikan agama Islam :bbuku ajar agama islam untuk mahasiswa perguruan tinggi /cpenulis, Suhada, Ruli Supriati ax, 351 halaman ;c23 cm 4aPendidikan Islam aYOPDYOG0 aind31aYogyakarta :bDeepublish,c2018 2rdacontentateks 2rdamediaatanpa perantara 2rdacarrieravolume0 aSuhadaepenulis aCetakan pertama, Mei 20180 aRuli Supriatiepenulis aBibliografi: halaman 348-351 aCB-D.11/2018-860 aCB-D.11/2018-860